000 00327nam a22001217a 4500
008 170808b xxu||||| |||| 00| 0 eng d
041 _aeng
080 _a004
100 _a35
101 _aSHKI
245 _a1987 IEEE INTERNATIONAL CONFERENCE ON COMPUTER DESIGN: VSLI IN COMPUTERS & PROCESSORS
_cHILTON, R.T
942 _2udc
_cBK
999 _c22898
_d22898